Państwa z literą w środku A-Z - Statystyki

Ogólne statystyki
  • Ten quiz został rozwiązany 36 razy
  • Średni wynik to 9 z 21
Statystyki odpowiedzi
Litera Ilość Państwo % Poprawnych
A 14 Albania | Arabia Saudyjska | Ekwador | Finlandia | Ghana | Jamajka | Kostaryka | Macedonia Północna | San Marino | Sierra Leone | Somalia | Tajlandia | Ukraina | Wyspy Salomona
83%
I 10 Antigua i Barbuda | Boliwia | Chile | Chiny | Egipt | Haiti | Kirgistan | Mauritius | Namibia | Surinam
69%
N 9 Argentyna | Benin | Dania | Francja | Grenada | Indonezja | Kenia | Kongo | Tonga
69%
T 6 Austria | Erytrea | Katar | Litwa | Łotwa | Wietnam
62%
B 4 Dżibuti | Gabon | Liban | Libia
62%
E 11 Armenia | Azerbejdżan | Gwatemala | Kamerun | Liberia | Liechtenstein | Malezja | Nigeria | Senegal | Szwecja | Tunezja
59%
U 4 Burundi | Nauru | Rumunia | Vanuatu
52%
D 4 Fidżi | Indie | Sudan | Trynidad i Tobago
52%
G 3 Niger | Urugwaj | Węgry
48%
O 5 Estonia | Etiopia | Japonia | Lesotho | Wyspy Świętego Tomasza i Książęca
45%
S 2 Rosja | Timor Wschodni
45%
L 2 Malta | Palau
41%
R 5 Australia | Bahrajn | Demokratyczna Republika Konga | Nikaragua | Syria
38%
P 2 Hiszpania | Nepal
34%
M 2 Jemen | Samoa
31%
Z 2 Seszele | Wenezuela
31%
W 2 Chorwacja | Papua Nowa Gwinea
21%
Ó 2 Gwinea Równikowa | Korea Północna
21%
Ł 2 Korea Południowa | Sudan Południowy
14%
Y 1 Watykan
10%
K 1 Tadżykistan
3%
Nie znaleziono quizów pasujących do podanych kryteriów
Rozkład punktacji
Procent ludzi z każdym wynikiem
Percentyl według liczby udzielonych odpowiedzi
Twoja historia wyników
Nie rozwiązałeś tego quizu